Euromarketing - koncepcia pre malé a stredné podniky na jednotnom trhu EÚ

Koncepcia európskeho marketingu pre MSP. Marketingové rozhodnutia MSP o vstupe na európsky trh. Marketingový výskum európskeho trhu. Slovenské podniky v kontexte EÚ.

Salvato in:
Dettagli Bibliografici
Autore principale: Čihovská, Viera
Altri autori: Hvizdová, Eva, ml
Natura: Capitolo di libro
Lingua:slovacco
Soggetti:
Tags: Aggiungi Tag
Nessun Tag, puoi essere il primo ad aggiungerne!!

MARC

LEADER 00000naa a2200000 4500
001 0142364
005 20240502072542.0
041 0 |a slo 
044 |a SK 
245 1 0 |a Euromarketing - koncepcia pre malé a stredné podniky na jednotnom trhu EÚ  |c Viera Čihovská, Eva Hvizdová ml. 
520 |a Koncepcia európskeho marketingu pre MSP. Marketingové rozhodnutia MSP o vstupe na európsky trh. Marketingový výskum európskeho trhu. Slovenské podniky v kontexte EÚ. 
610 2 0 |a euromarketing 
610 2 0 |a podnik malý 
610 2 0 |a podnik stredný 
610 2 0 |a trh 
610 2 0 |a Európska únia 
610 2 0 |a Slovensko 
610 2 0 |a konkurencia 
610 2 0 |a prieskum trhu 
100 1 |a Čihovská, Viera 
700 1 |a Hvizdová, Eva, ml.